MARC details
| 000 -LEADER |
| fixed length control field |
00969nam a2200205Ia 4500 |
| 003 - CONTROL NUMBER IDENTIFIER |
| control field |
IN-BaIIA |
| 008 - FIXED-LENGTH DATA ELEMENTS--GENERAL INFORMATION |
| fixed length control field |
211028s9999 xx 000 0 eng d |
| 040 ## - CATALOGING SOURCE |
| Transcribing agency |
IIA Library |
| 080 ## - UNIVERSAL DECIMAL CLASSIFICATION NUMBER |
| Universal Decimal Classification number |
910.4(082.1) |
| Item number |
RAM |
| 110 ## - MAIN ENTRY--CORPORATE NAME |
| Corporate name or jurisdiction name as entry element |
World Meteorological Organisation |
| 111 ## - MAIN ENTRY--MEETING NAME |
| Meeting name or jurisdiction name as entry element |
symposium on meteorological results of the international Indian ocean expedition |
| Location of meeting |
Bombay |
| Date of meeting or treaty signing |
1965 July 22-26 |
| 9 (RLIN) |
5264 |
| 245 #0 - TITLE STATEMENT |
| Title |
Proceedings of the symposium on meteorological results of the international Indian ocean expedition |
| Remainder of title |
symposium on meteorological results of the international Indian ocean expedition, 22-26 July 1965, Bombay, India |
| Statement of responsibility, etc. |
World Meteorological Organization |
| 260 ## - PUBLICATION, DISTRIBUTION, ETC. |
| Place of publication, distribution, etc. |
Geneva |
| Name of publisher, distributor, etc. |
World Meteorological Organization |
| Date of publication, distribution, etc. |
1965 |
| 300 ## - PHYSICAL DESCRIPTION |
| Extent |
434p. |
| 650 ## - SUBJECT ADDED ENTRY--TOPICAL TERM |
| Topical term or geographic name entry element |
Ocean-atmosphere interaction |
| 9 (RLIN) |
5265 |
| 650 ## - SUBJECT ADDED ENTRY--TOPICAL TERM |
| Topical term or geographic name entry element |
Astronomy and Astrophysics Thesaurus |
| 650 ## - SUBJECT ADDED ENTRY--TOPICAL TERM |
| Topical term or geographic name entry element |
Tropical cyclone |
| 9 (RLIN) |
5266 |
| 710 ## - ADDED ENTRY--CORPORATE NAME |
| Corporate name or jurisdiction name as entry element |
United Nations Educational, Scientific and Cultural Organization |
| 9 (RLIN) |
5267 |
| 942 ## - ADDED ENTRY ELEMENTS (KOHA) |
| Koha item type |
Books |